| 000 | 00653nam 22001813 4500 | ||
|---|---|---|---|
| 001 | 201692 | ||
| 090 | _a201692 | ||
| 100 | _a20260409d u||y0pory50 ba | ||
| 200 |
_aA poesia da presença _fapresentação crítica, selecção, notas e sugestões para análise literária de Maria Teresa Arsénio Nunes |
||
| 210 |
_aLisboa _cSeara Nova, Editorial Comunicação _d1982 |
||
| 215 |
_a168, [4] p. _cbrochado _d19 cm |
||
| 225 |
_aTextos literários _h25 |
||
| 606 |
_93661 _aCrítica Literária.Estudos Literários |
||
| 675 |
_a82.09 _vPT _zpor |
||
| 700 |
_917066 _aNunes _bMaria Teresa Arsénio _f1952- |
||
| 801 |
_aPT _bBMMN _gRPC |
||
| 830 | _cVanda | ||
| 990 | _cLIVROS | ||